Descendants Song - Statistics

General Stats
  • This quiz has been taken 554 times
  • The average score is 19 of 49
Answer Stats
Hint Answer % Correct
D1 Rotten to the Core
93%
D1 Rotten to the Core
93%
D1 If Only
87%
D1 Did I Mention
83%
D2 What's My Name
80%
D Wicked World Evil
78%
D1 Set it Off
75%
D1 Evil Like Me
74%
D2 Ways to Be Wicked
73%
D2 Space Between
71%
D1 Be Our Guest
66%
D3 Queen of Mean
66%
D3 Good to Be Bad
63%
D3 One Kiss
63%
D2 You and Me
60%
D2 Chillin' Like a Villain
59%
D4 Red
58%
D3 Night Falls
56%
D3 Break This Down
52%
D2 It's Goin' Down
50%
D3 Do What You Gotta Do
47%
D3 My Once Upon a Time
41%
D4 Life Is Sweeter
41%
D4 Love Ain't It
33%
D4 Perfect Revenge
29%
D4 Get Your Hands Dirty
28%
D1 Ending Song Believe
26%
D3 Happy Birthday
26%
D4 Fight of Our Lives
26%
D4 Shuffle of Love
24%
D4 So This Is Love
23%
D Wicked World Good Is the New Bad
20%
D2 Ending Song Kiss the Girl
20%
D Wicked World Rather Be With You
18%
D3 Ending Song Dig a Little Deeper
16%
D Wicked World Night Is Young
16%
D Wicked World Better Together
15%
D2 Poor Unfortunate Souls
14%
D4 Bad Reputation
12%
D Under the Sea Stronger
12%
D3 VK Mashup
11%
D4 What's My Name (Red Version)
11%
D4 Life Is Sweeter (Remix)
9%
D The Royal Wedding Feeling the Love
5%
D3 Rotten to the Core (D3 remix)
4%
D3 Did I Mention (Cover)
2%
D1 If Only (Cover)
2%
D4 Life Is Sweeter (Cover)
2%
D Wicked World Rotten to the Core (Sofia Carson's version)
2%
No matching quizzes found
Score Distribution
Percent of People with Each Score
Percentile by Number Answered
Your Score History
You have not taken this quiz